000 00266nam a22001217a 4500
003 SGT
082 _a823
_bDAS
100 _aDASWANI KAVITA
245 _aTHE VILLAGE BRIDE OF BEVERLY HILLS
260 _aUSA
_bAPLUME BOOK
_c2004
300 _a271
942 _2ddc
_cBK
999 _c33995
_d33995